<?xml version="1.0" encoding="UTF-8"?>
<collection xmlns="http://www.loc.gov/MARC21/slim">
 <record>
  <leader>00815nam a22002171  4500</leader>
  <controlfield tag="001">1/10978</controlfield>
  <controlfield tag="008">970911s19688   enk           000 0 eng d</controlfield>
  <datafield tag="020" ind1=" " ind2=" ">
   <subfield code="a">0867350644.</subfield>
  </datafield>
  <datafield tag="035" ind1=" " ind2=" ">
   <subfield code="l">11329</subfield>
  </datafield>
  <datafield tag="040" ind1=" " ind2=" ">
   <subfield code="a">DLC</subfield>
   <subfield code="b">GR-PeUP</subfield>
  </datafield>
  <datafield tag="082" ind1="0" ind2="0">
   <subfield code="a">658.409'2 LE</subfield>
  </datafield>
  <datafield tag="245" ind1="0" ind2="0">
   <subfield code="a">Leadership.</subfield>
  </datafield>
  <datafield tag="260" ind1=" " ind2=" ">
   <subfield code="a">Boston:</subfield>
   <subfield code="c">Harvard Business Review,</subfield>
   <subfield code="c">1968.</subfield>
  </datafield>
  <datafield tag="300" ind1=" " ind2=" ">
   <subfield code="a">3 parts:</subfield>
   <subfield code="b">fig., tabl.;</subfield>
   <subfield code="c">28 cm.</subfield>
  </datafield>
  <datafield tag="490" ind1="1" ind2=" ">
   <subfield code="a">Harvard business review ;</subfield>
  </datafield>
  <datafield tag="650" ind1=" " ind2="4">
   <subfield code="a">Leadership.</subfield>
  </datafield>
  <datafield tag="650" ind1=" " ind2="4">
   <subfield code="a">Executive leadership.</subfield>
  </datafield>
  <datafield tag="830" ind1=" " ind2=" ">
   <subfield code="a">Harvard business review.</subfield>
  </datafield>
  <datafield tag="852" ind1=" " ind2=" ">
   <subfield code="a">INST</subfield>
   <subfield code="b">UNIPILB</subfield>
   <subfield code="c">MAIN</subfield>
   <subfield code="e">20040709</subfield>
   <subfield code="h">658.409'2 LE</subfield>
   <subfield code="p">00115868</subfield>
   <subfield code="q">00115868</subfield>
   <subfield code="t">LOAN</subfield>
   <subfield code="v">part.1:</subfield>
   <subfield code="y">0</subfield>
   <subfield code="z">part.1</subfield>
   <subfield code="4">1</subfield>
  </datafield>
  <datafield tag="852" ind1=" " ind2=" ">
   <subfield code="a">INST</subfield>
   <subfield code="b">UNIPILB</subfield>
   <subfield code="c">MAIN</subfield>
   <subfield code="e">20040709</subfield>
   <subfield code="h">658.409'2 LE</subfield>
   <subfield code="p">00115869</subfield>
   <subfield code="q">00115869</subfield>
   <subfield code="t">LOAN</subfield>
   <subfield code="v">part.2:</subfield>
   <subfield code="y">0</subfield>
   <subfield code="z">part.2</subfield>
   <subfield code="4">1</subfield>
  </datafield>
  <datafield tag="852" ind1=" " ind2=" ">
   <subfield code="a">INST</subfield>
   <subfield code="b">UNIPILB</subfield>
   <subfield code="c">MAIN</subfield>
   <subfield code="e">20040709</subfield>
   <subfield code="h">658.409'2 LE</subfield>
   <subfield code="p">00115870</subfield>
   <subfield code="q">00115870</subfield>
   <subfield code="t">LOAN</subfield>
   <subfield code="v">part.3:</subfield>
   <subfield code="y">0</subfield>
   <subfield code="z">part.3</subfield>
   <subfield code="4">1</subfield>
  </datafield>
 </record>
</collection>
